Corona fúnebre a la memoria de Don Ventura Blanco Viel. marzo 21 de 1930
Saved in:
| Format: | Book |
|---|---|
| Language: | Spanish |
| Published: |
Santiago
La Ilustración
1930
|
| Subjects: | |
| Tags: |
Add Tag
No Tags, Be the first to tag this record!
|
MARC
| LEADER | 00000nam a2200000 a 4500 | ||
|---|---|---|---|
| 001 | UCI4774 | ||
| 003 | CL-VaPUC | ||
| 008 | 080307e19300000CL |||||||||||||||||spa|d | ||
| 082 | 0 | 4 | |a 923.2 |b COR |2 21 |
| 245 | 1 | 0 | |a Corona fúnebre a la memoria de Don Ventura Blanco Viel. marzo 21 de 1930 |
| 300 | |a 299 p | ||
| 942 | |c BK | ||
| 945 | |d 20080307 00:00:00 |a rbrito | ||
| 260 | |a Santiago |b La Ilustración |c 1930 | ||
| 500 | |a Donación padres capuchinos | ||
| 600 | 0 | 7 | |a BLANCO VIEL, VENTURA |2 CL-VaPUC |9 315372 |
| 650 | 7 | |a CORONA FUNEBRE |2 CL-VaPUC |9 504468 | |
| 650 | 0 | |a Biografías |9 255210 | |
| 650 | 7 | |a NECROLOGIA |2 CL-VaPUC |9 504408 | |
| 651 | 7 | |a CHILE |2 CL-VaPUC |9 526806 | |
| 583 | |a last modification |c 20080307 00:00:00 |k Rodrigo Vera | ||
| 999 | |c 328621 |d 328619 | ||
| 952 | |0 0 |1 0 |4 0 |6 923_200000000000000_COR_1930 |7 0 |8 X |9 412687 |a FDOBUD |b FDOBUD |d 2019-11-22 |i 440954K |o 923.2 COR 1930 |p 440954K |r 2019-11-22 |w 2019-11-22 |y BK_X |k BUD | ||